| 000 | 01049cab a2200301 4500 | ||
|---|---|---|---|
| 001 | ABS37226 | ||
| 008 | 090401t1986 xxu||||| |||| 00| 0 eng d | ||
| 035 | _a(Sirsi) u3027 | ||
| 041 | _aeng | ||
| 100 | _aLovell, A.M. | ||
| 245 | _aRedevelopment of a former landfill site | ||
| 260 | _c1986 | ||
| 350 | _a0 | ||
| 490 |
_aEnvironmental Health _v94(12) December 1986,323-327(5) |
||
| 520 | _aDescribe how a 15 acres of parkland near Exeter city centre, formerly an infilled brick clay quarry ,was developed for housing.This necessitated extensive compaction and piling operations near homes no more than 20m from the site boundary. Includes tables detailing noise and vibration data. References. | ||
| 650 | _aHOUSING DEVELOPMENT | ||
| 650 | _aLANDFILL SITES | ||
| 650 | _aMONITORING | ||
| 650 | _aQUARRY | ||
| 650 | _aREDEVELOPMENT | ||
| 650 | _aSITE CONSTRAINTS | ||
| 650 | _aSITE INVESTIGATION | ||
| 650 | _aVIBRATION | ||
| 690 | _aPLANNING LAW AND PRACTICE | ||
| 700 | _aNorrish, J.H. | ||
| 942 | _n0 | ||
| 948 | _c04/03/1997 | ||
| 999 |
_c1827 _d1827 |
||